000 00374pab a2200145 454500
008 180718b1983 xxu||||| |||| 00| 0 eng d
100 _aDavis, Christopher
245 _aEconomic problems of the Soviet health service
_b1917-1930
260 _c1983
300 _a343-61
362 _aJuly
650 _aHealth Services - U.S.S.R.
773 _aSoviet Studies
909 _a9717
999 _c9717
_d9717